| 000 | 00802nam a2200229 a 4500 | ||
|---|---|---|---|
| 001 | 39748 | ||
| 003 | BD-RjUL | ||
| 005 | 20211209053042.0 | ||
| 008 | 160417s1946 ii |||| |||| 00| 0 ben d | ||
| 020 | _c: Tk. 0.75 | ||
| 035 | _a(BD-RjUL)39861 | ||
| 040 |
_aBD-RjUL _bben _cBD-RjUL |
||
| 041 | _aben | ||
| 082 |
_223 _a891.439092 _bMAM 1946 |
||
| 100 |
_aমান্নান,সৈয়দ আবদুল _9122431 |
||
| 245 | 1 | 0 |
_aমহাকবি ইকবাল / _cসৈয়দ আবদুল মান্নান |
| 260 |
_aকলিকাতা : _bআজাদ, _c১৯৪৬ |
||
| 300 |
_a৩৯ পৃ. ; _c১৯ সেমি. |
||
| 650 |
_aউর্দূ সাহিত্য _xজ়ীবনী _9122432 |
||
| 650 |
_aUrdu Literature _xBiography _9122433 |
||
| 942 |
_2ddc _cBK _01 |
||
| 999 |
_c39748 _d39748 |
||